[Event "Kiev Spring op"]
[Site "Kiev"]
[Date "2023.03.31"]
[Round "9"]
[White "Marchenko, Valentyn"]
[Black "Bartolome Martin, Angel"]
[Result "1-0"]
[WhiteElo "1944"]
[BlackElo "1735"]
[PlyCount "67"]
[EventDate "2023.03.25"]
[EventType "swiss"]
[EventRounds "9"]
[EventCountry "UKR"]
[SourceTitle "EXT 2024"]
[Source "ChessBase"]
[SourceDate "2023.10.10"]
[SourceVersion "1"]
[SourceVersionDate "2023.10.10"]
[SourceQuality "1"]

1. e4 c6 2. d4 d5 3. e5 Bf5 4. g4 Bd7 5. Bd3 e6 6. Nf3 c5 7. c3 Nc6 8. Be3 Qb6 9. Qd2 Rc8 10. Be2 f6 11. 0-0 cxd4 12. cxd4 fxe5 13. dxe5 Qb4 14. Nc3 Qxg4+ 15. Kh1 Bb4 16. Ng5 Qh4 17. f4 g6 18. a3 Be7 19. Bf2 Qh6 20. Nxd5 Bxg5 21. fxg5 Qh3 22. Bc5 Nce7 23. Rf3 exd5 24. Rxh3 Bxh3 25. Bb5+ Kf8 26. Qe3 Bf5 27. e6 h6 28. Bd7 Be4+ 29. Kg1 Rd8 30. Rf1+ Bf5 31. Qe5 Rh7 32. Rxf5+ gxf5 33. Qxf5+ Kg7 34. Qf7+ 1-0

[Event "Nova Gorica op 27th"]
[Site "Nova Gorica"]
[Date "2023.03.19"]
[Round "5"]
[White "Novak, Rok"]
[Black "Bartolome Martin, Angel"]
[Result "0-1"]
[WhiteElo "1895"]
[BlackElo "1735"]
[PlyCount "58"]
[EventDate "2023.03.16"]
[EventType "swiss"]
[EventRounds "9"]
[EventCountry "SLO"]
[SourceTitle "CBM 213 Extra"]
[Source "ChessBase"]
[SourceDate "2023.05.31"]
[SourceVersion "1"]
[SourceVersionDate "2023.05.31"]
[SourceQuality "1"]

1. e4 c5 2. Nf3 d6 3. d4 cxd4 4. Nxd4 Nf6 5. Nc3 Nc6 6. f3 e5 7. Nb3 Be7 8. Be3 0-0 9. Qd2 Be6 10. 0-0-0 a5 11. Bb5 Nb4 12. Kb1 d5 13. exd5 Nbxd5 14. Nxd5 Nxd5 15. Qf2 Qc7 16. Bc5 Rfc8 17. Bxe7 Qxe7 18. c3 a4 19. Nc1 a3 20. c4 Bf5+ 21. Ka1 Nc7 22. g4 Nxb5 23. gxf5 Rxc4 24. Rhe1 Qc7 25. Nd3 Rc2 26. Qe3 axb2+ 27. Nxb2 Nc3 28. a4 Rxa4+ 29. Nxa4 Ra2# 0-1

[Event "Nova Gorica op 27th"]
[Site "Nova Gorica"]
[Date "2023.03.18"]
[Round "3"]
[White "Bartolome Martin, Angel"]
[Black "Mestek, Igor"]
[Result "0-1"]
[WhiteElo "1735"]
[BlackElo "2124"]
[PlyCount "108"]
[EventDate "2023.03.16"]
[EventType "swiss"]
[EventRounds "9"]
[EventCountry "SLO"]
[SourceTitle "CBM 213 Extra"]
[Source "ChessBase"]
[SourceDate "2023.05.31"]
[SourceVersion "1"]
[SourceVersionDate "2023.05.31"]
[SourceQuality "1"]

1. e4 c5 2. Nf3 a6 3. c3 e6 4. d4 Nf6 5. Bd3 d5 6. e5 Ne4 7. 0-0 Nc6 8. a3 Be7 9. b4 cxd4 10. cxd4 f5 11. exf6 Bxf6 12. Bb2 0-0 13. Re1 Nd6 14. Nbd2 Qe8 15. Qe2 Qf7 16. Rad1 Bd7 17. Nf1 g6 18. Ne3 Qg7 19. Ng4 Nf5 20. Nge5 Bxe5 21. dxe5 Rac8 22. Bb1 g5 23. Nd4 Ncxd4 24. Bxd4 Ba4 25. Bxf5 Rxf5 26. Rc1 Rc6 27. Rxc6 Bxc6 28. Qd2 Rf4 29. g3 Rf5 30. h3 h6 31. Kg2 Qg6 32. Re3 h5 33. Rc3 g4 34. h4 Rf3 35. Rxf3 gxf3+ 36. Kh2 Bb5 37. Qg5 Qxg5 38. hxg5 Bf1 39. Be3 Kf7 40. g4 h4 41. Kg1 Bh3 42. Bf4 d4 43. Bd2 Kg6 44. a4 b5 45. axb5 axb5 46. Bf4 Bxg4 47. Kf1 Kf5 48. Bh2 Kxg5 49. Ke1 Bf5 50. Kf1 Kg4 51. Ke1 Bd3 52. Kd2 Bc4 53. Ke1 Kh3 54. Bf4 Kg2 0-1

[Event "Nova Gorica op 27th"]
[Site "Nova Gorica"]
[Date "2023.03.17"]
[Round "2"]
[White "Pozniak, Yunna"]
[Black "Bartolome Martin, Angel"]
[Result "0-1"]
[WhiteElo "1685"]
[BlackElo "1735"]
[PlyCount "97"]
[EventDate "2023.03.16"]
[EventType "swiss"]
[EventRounds "9"]
[EventCountry "SLO"]
[SourceTitle "CBM 213 Extra"]
[Source "ChessBase"]
[SourceDate "2023.05.31"]
[SourceVersion "1"]
[SourceVersionDate "2023.05.31"]
[SourceQuality "1"]

1. e4 c5 2. c3 g6 3. d4 cxd4 4. cxd4 d5 5. e5 Bg7 6. Nf3 Nc6 7. Bb5 Bg4 8. Bxc6+ bxc6 9. Nc3 Nh6 10. h3 Bxf3 11. Qxf3 Nf5 12. Be3 Qb6 13. 0-0 Qxb2 14. Rfc1 0-0 15. Nd1 Qb6 16. Rab1 Qa6 17. Rb2 Rab8 18. Rbc2 Rb6 19. g4 Nxe3 20. fxe3 f5 21. g5 e6 22. h4 Kf7 23. Nf2 Rfb8 24. e4 Rb1 25. exf5 exf5 26. Qc3 Rxc1+ 27. Rxc1 Rb6 28. a3 Bf8 29. Ra1 Qa4 30. Qd2 Rb3 31. Kh2 Rxa3 32. Rxa3 Qxa3 33. Nd3 Ke6 34. Nf4+ Kd7 35. h5 Qf3 36. hxg6 hxg6 37. e6+ Kc7 38. Qa5+ Kb7 39. Ng2 Bd6+ 40. Kg1 Qd1+ 41. Kf2 Qxd4+ 42. Kf1 Bg3 43. Ke2 Qe4+ 44. Kd1 Qxe6 45. Qb4+ Ka8 46. Qf8+ Bb8 47. Qc5 Qd6 48. Qc3 d4 49. Qe1 0-1

[Event "Kiev Spring op"]
[Site "Kiev"]
[Date "2021.07.12"]
[Round "4"]
[White "Lysoivan, Anton"]
[Black "Bartolome Martin, Angel"]
[Result "1-0"]
[WhiteElo "2031"]
[BlackElo "1813"]
[PlyCount "117"]
[EventDate "2021.07.10"]
[EventType "swiss"]
[EventRounds "9"]
[EventCountry "UKR"]
[SourceTitle "EXT 2024"]
[Source "ChessBase"]
[SourceDate "2023.10.10"]
[SourceVersion "1"]
[SourceVersionDate "2023.10.10"]
[SourceQuality "1"]

1. e4 c5 2. c3 Nf6 3. e5 Nd5 4. Nf3 d6 5. exd6 e6 6. d4 cxd4 7. Nxd4 Bxd6 8. Nd2 0-0 9. Ne4 Be7 10. Bd3 Nf6 11. 0-0 Nbd7 12. Bg5 Nxe4 13. Bxe7 Qxe7 14. Bxe4 Nf6 15. Bf3 Rd8 16. Qc2 Qc7 17. Rad1 a6 18. h3 g6 19. c4 e5 20. Nb3 Bf5 21. Qc3 Rac8 22. Rxd8+ Rxd8 23. Rd1 Rxd1+ 24. Bxd1 Qd6 25. Be2 Bd7 26. Qd2 Qxd2 27. Nxd2 Bc6 28. c5 Ne4 29. Nxe4 Bxe4 30. Bc4 Kf8 31. f3 Bc6 32. Kf2 Ke7 33. b4 f5 34. g3 Bd7 35. Ke2 Be6 36. Kd3 g5 37. a4 h5 38. g4 hxg4 39. hxg4 e4+ 40. fxe4 fxe4+ 41. Kd4 Bxg4 42. Bd5 Bd7 43. Bxb7 Bxa4 44. Bxa6 Kd8 45. Kxe4 g4 46. Be2 g3 47. Kf3 g2 48. Kxg2 Ke7 49. Kf3 Ke6 50. Ke4 Bc6+ 51. Kd4 Bb7 52. b5 Kd7 53. b6 Bg2 54. Bb5+ Kc8 55. Ke5 Kb7 56. Kd6 Bf3 57. Bc4 Kb8 58. Bd5 Bg4 59. c6 1-0

[Event "Kiev Spring op"]
[Site "Kiev"]
[Date "2021.07.11"]
[Round "2"]
[White "Domalchuk Jonasson, Aleksandr"]
[Black "Bartolome Martin, Angel"]
[Result "1-0"]
[WhiteElo "2058"]
[BlackElo "1813"]
[PlyCount "71"]
[EventDate "2021.07.10"]
[EventType "swiss"]
[EventRounds "9"]
[EventCountry "UKR"]
[SourceTitle "EXT 2024"]
[Source "ChessBase"]
[SourceDate "2023.10.10"]
[SourceVersion "1"]
[SourceVersionDate "2023.10.10"]
[SourceQuality "1"]

1. d4 Nf6 2. c4 c5 3. d5 e6 4. Nc3 exd5 5. cxd5 d6 6. e4 g6 7. f4 Bg7 8. Bb5+ Nfd7 9. a4 0-0 10. Nf3 Na6 11. 0-0 Nb4 12. Re1 Qc7 13. e5 a6 14. Bf1 c4 15. Re4 Nd3 16. Bxd3 cxd3 17. Qxd3 Nc5 18. Qc4 Bd7 19. Re1 b5 20. Qe2 Bf5 21. axb5 dxe5 22. fxe5 Nd3 23. d6 Qc5+ 24. Be3 Qb4 25. Nd5 Qe4 26. Ne7+ Kh8 27. Nxf5 Nxe1 28. Nxg7 Nxf3+ 29. Qxf3 Qxf3 30. gxf3 axb5 31. Rxa8 Rxa8 32. Bg5 Ra7 33. Ne8 Rd7 34. Be7 Ra7 35. Nf6 Ra1+ 36. Kf2 1-0

[Event "Tres Cantos op 11th"]
[Site "Tres Cantos"]
[Date "2019.06.30"]
[Round "9"]
[White "Bartolome Martin, Angel"]
[Black "Estevez Sacristan, Deva"]
[Result "0-1"]
[WhiteElo "1882"]
[BlackElo "1994"]
[PlyCount "52"]
[EventDate "2019.06.22"]
[EventType "swiss"]
[EventRounds "9"]
[EventCountry "ESP"]
[SourceTitle "CBM 195 Extra"]
[Source "ChessBase"]
[SourceDate "2020.05.31"]
[SourceVersion "1"]
[SourceVersionDate "2020.05.31"]
[SourceQuality "1"]

1. d4 f5 2. Nf3 Nf6 3. Bg5 Ne4 4. Bf4 e6 5. Nbd2 Be7 6. e3 0-0 7. Bd3 d5 8. Qe2 c5 9. c3 c4 10. Bc2 b5 11. a3 a5 12. Ne5 Bd7 13. f3 Nf6 14. Bg5 Nc6 15. Nxc6 Bxc6 16. 0-0 h6 17. Bxf6 Rxf6 18. e4 f4 19. Rae1 Ra7 20. e5 Rf8 21. Ra1 Ra8 22. Rfc1 b4 23. Nf1 Be8 24. axb4 axb4 25. Nd2 b3 26. Nxb3 cxb3 0-1

[Event "Tres Cantos op 10th"]
[Site "Tres Cantos"]
[Date "2018.06.29"]
[Round "9.17"]
[White "Bartolome Martin, Angel"]
[Black "Garcia Dorado, Alberto"]
[Result "1/2-1/2"]
[WhiteElo "1832"]
[BlackElo "2155"]
[PlyCount "80"]
[EventDate "2018.06.21"]
[EventType "swiss"]
[EventRounds "9"]
[EventCountry "ESP"]
[SourceTitle "EXT 2024"]
[Source "ChessBase"]
[SourceDate "2023.10.10"]
[SourceVersion "1"]
[SourceVersionDate "2023.10.10"]
[SourceQuality "1"]

1. d4 Nf6 2. Bg5 d5 3. e3 c5 4. Bxf6 gxf6 5. Nc3 Nc6 6. dxc5 e6 7. Qh5 Bxc5 8. 0-0-0 Qe7 9. Nge2 a6 10. Nf4 d4 11. Ne4 f5 12. Nxc5 Qxc5 13. exd4 Nxd4 14. c3 Nc6 15. Qh4 Qe7 16. Qxe7+ Kxe7 17. g3 Bd7 18. Bg2 Rhd8 19. Rhe1 Kf8 20. Rd2 Be8 21. Red1 Rxd2 22. Rxd2 Ke7 23. Nd3 Rc8 24. Nc5 Rc7 25. Nb3 Ne5 26. h3 b5 27. Rd4 Nc4 28. Nd2 Nd6 29. Rh4 e5 30. Rxh7 b4 31. Nb1 bxc3 32. Nxc3 e4 33. Bf1 a5 34. Kd2 Rc5 35. Ke3 a4 36. a3 Rc8 37. Rh8 Rb8 38. Nd1 Rb3+ 39. Kd4 Bc6 40. Be2 e3 1/2-1/2

[Event "Tres Cantos op 10th"]
[Site "Tres Cantos"]
[Date "2018.06.23"]
[Round "3.9"]
[White "Bartolome Martin, Angel"]
[Black "Martinez Fernandez, Raul"]
[Result "0-1"]
[WhiteElo "1832"]
[BlackElo "2210"]
[PlyCount "74"]
[EventDate "2018.06.21"]
[EventType "swiss"]
[EventRounds "9"]
[EventCountry "ESP"]
[SourceTitle "EXT 2024"]
[Source "ChessBase"]
[SourceDate "2023.10.10"]
[SourceVersion "1"]
[SourceVersionDate "2023.10.10"]
[SourceQuality "1"]

1. d4 d5 2. c4 c6 3. cxd5 cxd5 4. Nc3 Nf6 5. Bf4 Nc6 6. e3 Bf5 7. Qb3 Na5 8. Qa4+ Bd7 9. Bb5 e6 10. Bxd7+ Nxd7 11. Nf3 a6 12. 0-0 b5 13. Qd1 Be7 14. Rc1 0-0 15. Nxd5 exd5 16. Bc7 Qe8 17. Bxa5 Nf6 18. Qb3 Bd6 19. Rc2 Rc8 20. Rfc1 Rc4 21. Nd2 Ne4 22. a3 Nxd2 23. Bxd2 f5 24. Rxc4 bxc4 25. Qb7 Qe6 26. g3 Rb8 27. Qxa6 Qd7 28. Rc2 Kf7 29. Bc1 Bc7 30. Qa7 Rb6 31. Bd2 Qc6 32. Bb4 Kg6 33. b3 Kh5 34. bxc4 dxc4 35. Rc3 Kg4 36. d5 Qxd5 37. Qxc7 Kh3 0-1

[Event "San Sebastian de los Reyes op 19th"]
[Site "San Sebastian"]
[Date "2017.12.09"]
[Round "8"]
[White "Bartolome Martin, Angel"]
[Black "Robles Diaz, Jose Alberto"]
[Result "0-1"]
[WhiteElo "1936"]
[BlackElo "2136"]
[PlyCount "62"]
[EventDate "2017.12.02"]
[EventType "swiss"]
[EventRounds "9"]
[EventCountry "ESP"]
[SourceTitle "CBM 182 Extra"]
[Source "ChessBase"]
[SourceDate "2018.02.23"]
[SourceVersion "1"]
[SourceVersionDate "2018.02.23"]
[SourceQuality "1"]

1. d4 Nf6 2. Bg5 g6 3. Bxf6 exf6 4. e3 Bg7 5. g3 0-0 6. Bg2 d6 7. Ne2 Nd7 8. 0-0 f5 9. c4 Nf6 10. Nbc3 h5 11. h4 Re8 12. Qd3 Ng4 13. Nf4 c6 14. b4 Bd7 15. a4 g5 16. Nxh5 gxh4 17. Ne2 hxg3 18. Nhxg3 Qh4 19. Rfe1 Bh6 20. Nf4 Bxf4 21. exf4 Re6 22. Re2 Rae8 23. Rae1 d5 24. cxd5 cxd5 25. Bxd5 Rxe2 26. Rxe2 Rxe2 27. Qxe2 Bxa4 28. Nxf5 Qh2+ 29. Kf1 Bb5 30. Nh6+ Kf8 31. Nxg4 Bxe2+ 0-1

[Event "San Sebastian de los Reyes op 19th"]
[Site "San Sebastian"]
[Date "2017.12.04"]
[Round "3"]
[White "Suarez Uriel, Adrian"]
[Black "Bartolome Martin, Angel"]
[Result "1-0"]
[WhiteElo "2402"]
[BlackElo "1936"]
[PlyCount "53"]
[EventDate "2017.12.02"]
[EventType "swiss"]
[EventRounds "9"]
[EventCountry "ESP"]
[SourceTitle "CBM 182 Extra"]
[Source "ChessBase"]
[SourceDate "2018.02.23"]
[SourceVersion "1"]
[SourceVersionDate "2018.02.23"]
[SourceQuality "1"]

1. e4 c5 2. Nf3 d6 3. d4 cxd4 4. Nxd4 Nf6 5. Nc3 a6 6. h3 e6 7. g4 Nfd7 8. Be3 b5 9. Bg2 Bb7 10. a3 Nb6 11. Qe2 N8d7 12. Rd1 Qc7 13. 0-0 Be7 14. g5 Nc4 15. Bc1 Nxa3 16. Nd5 exd5 17. bxa3 0-0 18. Nf5 Rfe8 19. Bb2 Bf8 20. Qh5 Ne5 21. f4 Nc4 22. Bf6 dxe4 23. Kh2 Bc8 24. Nh6+ Kh8 25. Nxf7+ Kg8 26. Nh6+ Kh8 27. Qxe8 1-0

[Event "San Sebastian de los Reyes op 19th"]
[Site "San Sebastian"]
[Date "2017.12.02"]
[Round "1"]
[White "Braziunaite, Rasa"]
[Black "Bartolome Martin, Angel"]
[Result "0-1"]
[WhiteElo "1517"]
[BlackElo "1936"]
[PlyCount "80"]
[EventDate "2017.12.02"]
[EventType "swiss"]
[EventRounds "9"]
[EventCountry "ESP"]
[SourceTitle "CBM 182 Extra"]
[Source "ChessBase"]
[SourceDate "2018.02.23"]
[SourceVersion "1"]
[SourceVersionDate "2018.02.23"]
[SourceQuality "1"]

1. b3 e5 2. Bb2 Nc6 3. e3 Nf6 4. Bb5 Bd6 5. Ne2 0-0 6. 0-0 Ne7 7. c3 Ng6 8. Bd3 e4 9. Bc2 Bxh2+ 10. Kh1 Be5 11. g3 d5 12. d3 Bg4 13. dxe4 Bf3+ 14. Kg1 Qc8 15. Nd2 dxe4 16. Nxf3 exf3 17. Nd4 Bxd4 18. cxd4 Nh4 19. Kh2 Qg4 20. Rh1 Ng6 21. Kg1 Ne4 22. Bxe4 Qxe4 23. Rc1 Rac8 24. Rc4 Rfd8 25. Qc2 f5 26. Kh2 c6 27. Qc3 Rd5 28. Rc5 Rcd8 29. Rxd5 Rxd5 30. Qc4 h5 31. Qf1 h4 32. Rg1 hxg3+ 33. Rxg3 f4 34. Rh3 fxe3 35. fxe3 Qc2+ 36. Kh1 Qxb2 37. Rh2 Qc3 38. Qxf3 Qe1+ 39. Kg2 Rg5+ 40. Kh3 Qh4# 0-1

[Event "Tres Cantos op 9th"]
[Site "Tres Cantos"]
[Date "2017.06.23"]
[Round "2"]
[White "Comeron Galan, Daniel"]
[Black "Bartolome Martin, Angel"]
[Result "0-1"]
[WhiteElo "1471"]
[BlackElo "1868"]
[PlyCount "58"]
[EventDate "2017.06.22"]
[EventType "swiss"]
[EventRounds "9"]
[EventCountry "ESP"]
[SourceTitle "EXT 2019"]
[Source "ChessBase"]
[SourceDate "2018.10.10"]
[SourceVersion "1"]
[SourceVersionDate "2018.10.10"]
[SourceQuality "1"]

1. d4 f5 2. Bf4 Nf6 3. e3 e6 4. Nf3 d5 5. c4 c6 6. Nc3 Be7 7. Ne5 0-0 8. Bd3 Nbd7 9. 0-0 Qe8 10. h3 h6 11. Bh2 g5 12. f4 Ne4 13. Nxe4 dxe4 14. Be2 Nxe5 15. fxe5 Qg6 16. c5 Bd7 17. b4 Be8 18. g4 h5 19. gxh5 Qh6 20. Kh1 Kh8 21. a4 f4 22. exf4 gxf4 23. Bg4 Rd8 24. Ra2 f3 25. Bg1 Bxh5 26. Bxh5 Qxh5 27. Qe1 Rf4 28. Be3 Rh4 29. Qg3 Rg8 0-1

[Event "San Sebastian de los Reyes op 17th"]
[Site "San Sebastian"]
[Date "2015.12.04"]
[Round "5"]
[White "Bartolome Martin, Angel"]
[Black "Cortijo Manso, Luis"]
[Result "1-0"]
[WhiteElo "1749"]
[BlackElo "1505"]
[PlyCount "91"]
[EventDate "2015.11.30"]
[EventType "swiss"]
[EventRounds "9"]
[EventCountry "ESP"]
[SourceTitle "CBM 170 Extra"]
[Source "ChessBase"]
[SourceDate "2016.02.25"]
[SourceVersion "1"]
[SourceVersionDate "2016.02.25"]
[SourceQuality "1"]

1. e4 e6 2. d4 d5 3. Nd2 dxe4 4. Nxe4 Bd7 5. Nf3 Bc6 6. Neg5 Nf6 7. Ne5 Qe7 8. Ngxf7 Rg8 9. Ng5 Nbd7 10. Nxc6 bxc6 11. Qf3 Qd6 12. c3 Qd5 13. Qh3 Qf5 14. Bd3 Qxh3 15. Nxh3 Bd6 16. 0-0 h6 17. Re1 Kf7 18. Nf4 Bxf4 19. Bxf4 Nd5 20. Bg3 N7f6 21. Re2 Nh5 22. Be5 Nhf4 23. Rd2 Nxd3 24. Rxd3 Rac8 25. Re1 Ne7 26. c4 g5 27. Rf3+ Ke8 28. Ra3 Ra8 29. Bxc7 Kd7 30. Be5 Ng6 31. g3 h5 32. Ree3 h4 33. Reb3 Nxe5 34. dxe5 Kc7 35. Rf3 h3 36. g4 Rgd8 37. Rad3 Rxd3 38. Rxd3 Rd8 39. Rxd8 Kxd8 40. f4 gxf4 41. Kf2 Ke8 42. Kf3 Kf7 43. Kxf4 Kg6 44. b4 a6 45. a4 Kh6 46. b5 1-0